「口」に2画足してできる漢字 - Statistics

General Stats
  • This quiz has been taken 1,286 times
  • The average score is 11 of 54
Answer Stats
配当級 漢字 % Correct
10級 田(デン・た・か(り)・か(る))
96%
10級 目(モク・ボク・め・ま・かなめ・まなこ)
81%
3級 甲(カン・コウ・かぶと・きのえ・つめ・よろい)
62%
9級 古(コ・ふる(い)・ふる(す)・いにしえ)
61%
8級 申(シン・もう(す)・かさ(ねる)・さる)
59%
8級 由(ユ・ユウ・ユイ・よし・なお・よ(る))
59%
2級 旦(タン・ダン・あした)
53%
10級 四(シ・よ・よ(つ)・よっ(つ)・よん)
51%
準1級 只(シ・ただ)
48%
10級 白(ハク・ビャク・しら・しろ・しろ(い)・あき(らか)・せりふ・もう(す))
46%
準1級 叶(キョウ・かな(う))
43%
6級 旧(キュウ・ふ(る)・ふる(い)・ふる(びる)・もと)
42%
9級 兄(キョウ・ケイ・あに・え)
38%
10級 右(ウ・ユウ・みぎ・たす(ける))
33%
準2級 囚(シュウ・とら(える)・とら(われる))
32%
4級 占(セン・うらな(う)・し(める))
25%
10級 石(シャク・セキ・コク・ジャク・いし)
24%
6級 可(カ・コク・べ(し)・よ(い))
21%
7級 加(カ・くわ(える)・くわ(わる))
18%
9級 台(ダイ・タイ・イ・うてな・しもべ)
17%
6級 句(ク・コウ・あ(たる)・ま(がる))
16%
6級 史(シ・ふびと・ふみ)
15%
8級 号(ゴウ・コウ・さけ(ぶ)・よびな)
14%
7級 司(シ・ス・つかさ・つかさど(る))
12%
4級 召(ショウ・め(す))
11%
2級 𠮟・叱(シツ・シチ・しか(る))
10%
準1級 叩(コウ・たた(く)・はた(く)・ひか(える))
10%
1級 叭(ハ・ハツ)
7%
1級 叮(テイ・ねんご(ろ))
5%
1級 叨(トウ・みだり(に)・むさぼ(る))
4%
配当外 㕣(エン)
4%
1級 叺(かます)
3%
配当外 冋(キョウ・ケイ)
3%
配当外 另(レイ・リョウ)
3%
配当外 叵(ハ)
3%
配当外 叧(カ)
2%
配当外 叹(ウ・ユウ・また・ふたた(び))
2%
配当外 囙(イン・よ(る)・ちなみ・ちな(む)・よすが・よ(って))
2%
配当外 曱(オウ)
2%
配当外 龱(シュウ)
2%
配当外 卟(ケイ)
1%
配当外 叴(キュウ・グ)
1%
配当外 叻(ロク・リョク)
1%
配当外 叼(チョウ)
1%
配当外 囜(ジン・ニン)
1%
配当外 甴(ソウ)
1%
配当外 㐰(シン・たよ(り)・まか(せる)・まこと)
1%
配当外 㕥(シン)
1%
配当外 叽(キ・ケ・つづし(る))
1%
配当外 叾(未詳)
1%
配当外 电(デン・テン・いなずま)
1%
配当外 㕤(キュウ・グ)
0%
配当外 㘞(カ・ワ)
0%
配当外 㘝(ジュウ・ニョウ・ノウ・ドウ)
0%
No matching quizzes found
Score Distribution
Percent of People with Each Score
Percentile by Number Answered
Your Score History
You have not taken this quiz